00367nam a22001097a 4500082000800000100001700008245011200025260003700137300001900174650004400193700002000237 a004 aKhan, Qadeem aAn Optimized Data Clustering Algorithm for Analysis of Software Architectural Style Data Set /cQadeem Khan aIslamabad :bCEME - NUST,c2017. a76 p. ;c30cm. aComputer Software Engineering-MS-Thesis aDr. Usman Qamar